Texto de higiene según los últimos programas.

Gespeichert in:
Bibliographische Detailangaben
1. Verfasser: Canales, Pedro P.
Format: Buch
Sprache:Spanisch
Erschienen: Santiago. Imprenta Gutenberg. s f.
Ausgabe:2æ̀ƒ.
Katalog:MANES:  Suchergebnis im Bibliothekskatalog
Schulbuchspezifische Eigenschaften:
Tags: Tag hinzufügen
Keine Tags, Fügen Sie den ersten Tag hinzu!
Hinzugefügt zu:18.01.2023
Geändert in:25.04.2025

MARC

LEADER 00000nam a22000007a 4500
005 20250425101543.0
008 230119b |||||||| |||| 00| 0 spa d
040 |a MGM 
100 |9 42894  |a Canales, Pedro P. 
245 |a Texto de higiene según los últimos programas. 
250 |a 2æ̀ƒ. 
260 |a Santiago.  |b Imprenta Gutenberg.  |c s f. 
300 |a 164 p.  |c 18 mx 13 cm. 
546 |a Chile. 
561 |5 cl-MGM  |3 T614 C212 t  |a Chile. Museo Gabriela Mistral  |k MANES 
690 |a CN 
691 |a SE 
942 |2 ddc  |c BK 
999 |c 100202  |d 100202 
999 |c manes:100202  |d 100202